01098nam a22001457a 4500008004100000020001500041050001400056245007200070260003900142300002300181500001900204505069200223700002000915700001700935140916b xxu||||| |||| 00| 0 eng d a0406964394 aK2261.T37 aEssays for Colin Taper. /cedited by Peter Mirfield and Roger Smith aLondon:bReed Elsevier Ltd,c2003. axxxi, 223p.c25cm. aIncludes index aContents: Silence, lies and vicious circularity -- Approaches to similar fact evidence: England and Australia -- Implications of the human right rationale for legal professional privilege-the demise of implied statutory abrogation? -- Legal proof of knowledge -- Empirical evaluation of the hearsay rule -- Exploring the integrity principle in evidence and procedure -- Silence, innocence and human rights -- The Policies of legal information services: a perspective of three decades -- Information technology and the criminal justice system -- Defining and rewarding invention: a review and a modest proposal for patent law -- Cumulation and convergence of intellectual property rights. aMirfield, Peter aSmith, Roger